000
00304nam a22001337a 4500
003
MPLRDC
005
20220104184650.0
008
210129b ||||| |||| 00| 0 eng d
082
_a
DISC
100
_a
崔钟雷主编
245
_a
九色鹿--1 DISC
_c
650
_a
儿童故事
942
_c
CDA
_o
DISC
999
_c
62965
_d
62955